Building Regulations 2013 review and energy performance of buildings directive (Record no. 112453)
[ view plain ]
| 000 -LEADER | |
|---|---|
| fixed length control field | 01017cad a22002055a 4500 |
| 001 - CONTROL NUMBER | |
| control field | L153298 |
| 008 - FIXED-LENGTH DATA ELEMENTS--GENERAL INFORMATION | |
| fixed length control field | 110707s2011 xxk f 000 0 eng d |
| 035 ## - SYSTEM CONTROL NUMBER | |
| System control number | (Sirsi) u153298 |
| 041 0# - LANGUAGE CODE | |
| Language code of text/sound track or separate title | eng |
| 100 1# - MAIN ENTRY--PERSONAL NAME | |
| Personal name | DeCort, Paul |
| 245 00 - TITLE STATEMENT | |
| Title | Building Regulations 2013 review and energy performance of buildings directive |
| Remainder of title | BEAMA Conference, March 2011 |
| Medium | [electronic resource] |
| 260 ## - PUBLICATION, DISTRIBUTION, ETC. | |
| Place of publication, distribution, etc. | [S.l.] |
| Name of publisher, distributor, etc. | DCLG |
| Date of publication, distribution, etc. | 2011 |
| 520 ## - SUMMARY, ETC. | |
| Summary, etc. | Presents an overview of the background, consultation and future requirements of the Building Regulations to ensure they continue to operate effectively in the future. |
| 590 ## - LOCAL NOTE (RLIN) | |
| Local note | KA |
| 651 #4 - SUBJECT ADDED ENTRY--GEOGRAPHIC NAME | |
| Geographic name | United Kingdom |
| Chronological subdivision | |
| 690 ## - LOCAL SUBJECT ADDED ENTRY--TOPICAL TERM (OCLC, RLIN) | |
| Topical term or geographic name as entry element | Building regulations |
| 9 (RLIN) | 6224 |
| 710 1# - ADDED ENTRY--CORPORATE NAME | |
| Corporate name or jurisdiction name as entry element | United Kingdom |
| Subordinate unit | Department for Communities and Local Government |
| 9 (RLIN) | 4939 |
| 856 40 - ELECTRONIC LOCATION AND ACCESS | |
| Uniform Resource Identifier | <a href="https://www.voltimum.co.uk/popup.php?url=doc_download.php%3Ffilename%3D.%252Ffiles%252Fgb%252Fothers%252FN%252F2011032374662011032383066889.pdf&subtitle=Download Attachment">https://www.voltimum.co.uk/popup.php?url=doc_download.php%3Ffilename%3D.%252Ffiles%252Fgb%252Fothers%252FN%252F2011032374662011032383066889.pdf&subtitle=Download Attachment</a> |
| Public note | View the item free of charge at www.voltimum.co.uk |
| 942 ## - ADDED ENTRY ELEMENTS (KOHA) | |
| Suppress in OPAC | 0 |
| Withdrawn status | Lost status | Source of classification or shelving scheme | Damaged status | Not for loan | Home library | Current library | Shelving location | Date acquired | Total Checkouts | Full call number | Barcode | Date last seen | Copy number | Price effective from | Koha item type |
|---|---|---|---|---|---|---|---|---|---|---|---|---|---|---|---|
| Dewey Decimal Classification | Virtual | Virtual | Online | 07/07/2011 | ONLINE PUBLICATION | 153298-2001 | 06/08/2019 | 1 | 06/08/2019 | Book |